000 01996cam a22004694i 4500
003 PE-LiUPU
005 20250731173324.0
008 150625s r 000 0 d
020 _a8429316280
035 _a(Sirsi) i9788429316285
040 _aPE-LiUPU
_bspa
_cPE-LiUPU
_erda
049 _aPRUA
082 0 4 _a226
_bK59
_221
100 1 _aKlauck, Hans-Josef,
_eautor.
245 1 4 _aLos evangelios apócrifos :
_buna introducción /
_cHans-Josef Klauck.
264 1 _aSantander, España :
_bSal Terrae,
_c2006.
300 _a342 páginas ;
_c21 centímetros
336 _atext
_2rdacontent
337 _aunmediated
_2rdamedia
338 _avolume
_2rdacarrier
490 0 _aPresencia Teológica
504 _aIncluye bibliografía.
505 0 _a"Agrapha" (dichos dispersos de Jesús). -Fragmentos. -Evangelios judeo-cristianos. -Dos evangelios de los egipcios. -Evangelios de la infancia. -Evangelios sobre la muerte y resurrección de Jesús. -Evangelios de Nag Hammadi. -Diálogos con Jesús resucitado. -Diálogos con Jesús "no localizados". -Leyendas sobre la muerte de María. -Evangelios perdidos. -Un anti-evangelio: "Toledot Yeshu".
526 _aSEG42
526 _aSEG41
526 _aSEG40
526 _aSEG39
526 _aP94
526 _aP87
526 _aP86
526 _aP85
526 _aP77
526 _aP76
526 _aP35
541 _g006-0034606;
630 _aBiblia.
_pN.T.
_pEvangelios apócrifos
_xIntroducciones.
942 _2ddc
_cBOOK
949 _a226 K59
_wDEWEY
_c1
_i57817
_d2016-5-5
_e2016-4-25
_lCCODEBUL1
_mBUL
_n1
_p37.00
_r0
_sY
_tBOOK
_u2015-6-25
_xTEOLOGIA
_zUNKNOWN
_0COMPRA
_o.STAFF. Colección General
994 _aC0
_bPEPRU
596 _a1
999 _a226 K59
_wDEWEY
_c46815
_i57817
_d46815
_e2016-4-25
_f2021-11-9
_g4
_lCCODEBUL1
_mBUL
_n1
_p37.00
_r0
_sY
_tBOOK
_u2015-6-25
_xTEOLOGIA
_zUNKNOWN
_0COMPRA
_o.STAFF. Colección General
980 _81
_gALBERTO SANCHEZ Responsable de Automatización